| 000 | 00470nam a2200181 a 4500 | ||
|---|---|---|---|
| 001 | 357 | ||
| 003 | CDMR | ||
| 005 | 20131014131137.0 | ||
| 008 | 130130s1946||||||||||||||||||||||||||||d | ||
| 040 |
_aCDMR _bcat _cCDMR |
||
| 100 | 1 |
_aAraujo-Costa, Luis _9245 |
|
| 245 | 1 | 0 |
_aBiografía de "La Época" _cLuis Araujo-Costa |
| 260 |
_aMadrid _c1946 _bLibros y Revistas |
||
| 300 | _a247 p. | ||
| 610 | 2 |
_94049 _aÉpoca (Madrid) |
|
| 650 | 0 | 4 |
_91617 _aPremsa _zMadrid |
| 942 |
_cMON _2udc |
||
| 999 |
_c357 _d357 |
||